MARC

LEADER 00000nam0a2200000 4500
001 362880
005 20231102011531.0
035 |a (RuTPU)RU\TPU\retro\20226 
090 |a 362880 
100 |a 20210827d1980 m y0rusy50 ca 
101 0 |a rus 
102 |a UA 
105 |a a j 001zy 
200 1 |a Расчет черновых калибров с применением ЭВМ  |e учебное пособие  |f М. С. Мутьев, П. Л. Клименко, Л. В. Трегубова  |g Днепропетровский металлургический институт 
210 |a Днепропетровск  |c [Б. и.]  |d 1980 
215 |a 111 с.  |c ил. 
320 |a Библиогр.: с. 110 
606 1 |a Прокатное производство  |x Стандартизация  |2 stltpush  |3 (RuTPU)RU\TPU\subj\52065  |9 70559 
610 1 |a черновые калибры 
610 1 |a расчеты 
610 1 |a алгоритмы 
610 1 |a программирование 
610 1 |a расчет на ЭВМ 
610 1 |a учебные пособия 
675 |a 621.771  |v 4 
700 1 |a Мутьев  |b М. С.  |g Мануил Степанович 
701 1 |a Клименко  |b П. Л.  |g Павел Лукич 
701 1 |a Трегубова  |b Л. В.  |g Лия Викторовна 
712 0 2 |a Днепропетровский металлургический институт  |c (1930-1993)  |2 stltpush  |3 (RuTPU)RU\TPU\col\7932  |9 24433 
801 1 |a RU  |b 63413507  |c 20210827 
942 |c BK